000 02052nam a2200229 a 4500
008 161215t1998 spaa|||g ||| 001 1 spa d
020 _a9501519031
041 _aspa
092 _c809
_l10
_sCAR
100 1 _aCarranza, Fermin
_93107
245 _aRevolucionarios de la ciencia.
_bVida e historia de los creadores de la medicina moderna /
_cFermin Carranza
250 _a1a ed.
260 _aBuenos Aires:
_bVergara;
_c1998.
300 _a302 p.
500 _aCarranza, F., Blitzer, B. y Platt, P. I. C. (1998). Revolucionarios de la ciencia. Vida e historia de los creadores de la medicina moderna. (1a ed.). Buenos Aires : Vergara.
505 _a¿Quién descubrió la anestesia, los rayos X y la radiactividad? ¿Cuándo y cómo lo hicieron? ¿Quién estudió los microbios, los genes y las infecciones? El doctor Fermín Carranza contesta todas las dudas que uno pueda tener sobre el origen de la ciencia moderna en una obra cuya lectura resulta amena a la vez que didáctica. A través de una serie de breves biografías de los padres de la medicina actual, el autor relata los fantásticos avances logrados durante el siglo pasado por lo hombres "revolucionarios", abnegados, dueños de una gran dedicación y una inmensa capacidad de creación. Fueron realmente pioneros pues supieron adelantarse a su época y defender sus novedosas teorías sin amedrentarse frente a las críticas -en muchos casos violentas- de sus colegas. La aparición de la anestesia y de los rayos X, la extracción indolora de muelas, el mundo de los microbios, las infecciones y la nutrición son algunos de los temas tratados en el libro, mientras que Luis Pasteur, Marie Curie, Alexander Fleming, Sigmund Freud y Gregor Mendel, entre otros famosos personajes, son retratados por medio de anécdotas e historias personales con un estilo sencillo y atractivo.
590 _aDonación Mónica Reyna. Proyecto 4to libro
655 _aBiografias
_93108
700 1 _aBlitzer, Bernardo
_eCol.
_93109
700 1 _aPlatt, Patricia I.C.
_eCol.
_93110
942 _2ddc
_cLIT
999 _c2292
_d2292